| 000 | 00453nam a2200181Ia 4500 | ||
|---|---|---|---|
| 008 | 230718s9999 xx 000 0 und d | ||
| 020 | _a9789351250159 | ||
| 041 | _aeng | ||
| 082 |
_a526 _bMIS |
||
| 100 | _aMishra R.P. | ||
| 245 | _aFundamentals Of Cartography | ||
| 250 | _a2nd ed. | ||
| 260 |
_c2014 _bConcept Publication |
||
| 300 | _a538 | ||
| 365 |
_cRs. _b1600.00 |
||
| 700 | _aMishra R.P. | ||
| 906 |
_dO:0722313-Jan-2021B:IN456 _cBSH _b960 |
||
| 999 |
_c351752 _d351752 |
||